| 000 | 01759nam a2200361 a 4500 | ||
|---|---|---|---|
| 003 | BLK | ||
| 005 | 20250530142228.0 | ||
| 007 | ta | ||
| 008 | 221104b bu |||||r|||| 00| | bu d | ||
| 020 | _a9786192454159 | ||
| 040 | _aBLK | ||
| 041 |
_aBUL _cBUL |
||
| 080 |
_9401773 _aЖенитба. Сватба. Бракосъчетание _b392.5 _x(497.2)(091) _z392.5(497.2)(091) |
||
| 084 | _aА 64 | ||
| 100 |
_9336217 _aАнгелова, Даниела Стефанова |
||
| 245 |
_aБракът по българските земи през XIX в. (до 1878 г.) _c Даниела Ангелова |
||
| 246 | 0 | 1 | _aThe Marriage in the Bulgarian lands during the 19th century (until 1878) |
| 250 | _a2. доп. изд. | ||
| 260 |
_9209388 _aСофия _bАкад. изд. Проф. Марин Дринов _c2024 |
||
| 300 |
_a192 с. _bс табл. _c25 см |
||
| 380 | _a3 | ||
| 500 | _aЗагл. и на англ. ез.: The Marriage in the Bulgarian lands during the 19th century (until 1878) 1. изд. 2020 на изд. Регалия 6 Изд. на Институт за изследване на населението и човека при БАН Терминол. речник: с. 185-186 Рец.: Щелиян Щерионов, Венцислав Мучинов Рез. на англ. ез. | ||
| 504 | _aБиблиогр.: с. 171-183 | ||
| 650 | 7 |
_9149149 _aБрак (право) |
|
| 650 | 0 |
_9260589 _aЛично и семейно право - България |
|
| 650 | 0 |
_9247281 _aБългария - етнография |
|
| 852 |
_aЦб 324115 _bЦб |
||
| 856 |
_i0.00 _ldisable |
||
| 942 |
_cKNG _n0 _02 |
||
| 944 |
_cКети Илиева _k30576 _lЦветомила Тодорова |
||
| 999 |
_c516588 _d516588 |
||
| 999 | _d516588 | ||
| 999 | _d516588 | ||